000 00362 a2200145 4500
001 92170
020 _a9695038034
082 _a891.55 BAR
090 _c44133
_d44132
100 _aBarq, Dr. Ghulam Gilani
245 _aDanish e Rumi o Saadi
_cBarq, Dr. Ghulam Gilani
260 _aLahore
_bAl-Faisal
_c2012
300 _a127p.
_bHb
500 _aGeneral Book
942 _aCAE NUST
_k891.55 BAR
999 _c327243
_d327243